000 00682nam a2200253 a 4500
001 BRL_1395
005 20190320211201.0
008 100114s1960----u--ao#####---#000-0#eng-#
020 _a0916658015
041 _aeng
044 _au
050 4 _aTS1490
_b.T53 1960
100 1 _aTidball, Harriet
_926764
245 1 0 _aThe double weave
_bplain and patterned
_cby Harriet Tidball.
260 _aFreeland, WA.
_bHTH publishers
_c1960
300 _a34 p.
_bil.
_c21 cm.
440 0 _aShuttle craft monograph
_v1
_926765
500 _aAu1607
504 _aBbliografĂ­a: p. 34
650 1 4 _aTejedurĂ­a
_926766
650 1 4 _aTejido a mano
_926767
902 _aGRL
942 _2lcc
_cB
999 _c10206
_d10206